Time Management in Twenty Minutes a Day (Record no. 232000)

MARC details
000 -LEADER
fixed length control field 01329nam a22002417a 4500
005 - DATE AND TIME OF LATEST TRANSACTION
control field 20241126105324.0
008 - FIXED-LENGTH DATA ELEMENTS--GENERAL INFORMATION
fixed length control field 241126b ||||| |||| 00| 0 eng d
020 ## - INTERNATIONAL STANDARD BOOK NUMBER
International Standard Book Number 9789389995893
040 ## - CATALOGING SOURCE
Transcribing agency AL
041 ## - LANGUAGE CODE
Language code of text/sound track or separate title eng
082 ## - DEWEY DECIMAL CLASSIFICATION NUMBER
Edition number 23
Classification number 658.409
Item number HANT
100 ## - MAIN ENTRY--PERSONAL NAME
Personal name Holly Reisem Hanna
100 ## - MAIN ENTRY--PERSONAL NAME
9 (RLIN) 186569
245 ## - TITLE STATEMENT
Title Time Management in Twenty Minutes a Day
260 ## - PUBLICATION, DISTRIBUTION, ETC.
Place of publication, distribution, etc. Mumbai
Name of publisher, distributor, etc. Embassy Books
Date of publication, distribution, etc. 2023
300 ## - PHYSICAL DESCRIPTION
Extent xii,115p.
Other physical details PB
Dimensions 21x14cm.
365 ## - TRADE PRICE
Source of price type code Psychology
Price type code CCX2-1389031
Price amount 218.00
Currency code
Unit of pricing 218.00
Price note -
Price effective from 15-11-2024
520 ## - SUMMARY, ETC.
Summary, etc. No-nonsense time management in no time. Learning to manage your time doesn’t have to take a lot time. Filled with practical advice for everybody, Time Management in 20 Minutes a Day makes increasing your productivity and getting the most out of every day a snap. Sprinkled with bite-sized lessons and personal anecdotes, Time Management in 20 Minutes a Day introduces strategic changes geared to help you improve your daily life. From obsessing over emails to hunting through clutter to mismanaging meetings—learn how to stop doing all the little things you didn’t even realize were wasting so much of your time.
650 ## - SUBJECT ADDED ENTRY--TOPICAL TERM
Topical term or geographic name entry element Organize and Order
9 (RLIN) 186570
650 ## - SUBJECT ADDED ENTRY--TOPICAL TERM
Topical term or geographic name entry element Manage Meetings
9 (RLIN) 186571
650 ## - SUBJECT ADDED ENTRY--TOPICAL TERM
Topical term or geographic name entry element Set Daily Goals
9 (RLIN) 186572
700 ## - ADDED ENTRY--PERSONAL NAME
Personal name HANNA (Holly Reisem)
9 (RLIN) 186573
942 ## - ADDED ENTRY ELEMENTS (KOHA)
Source of classification or shelving scheme Dewey Decimal Classification
Koha item type Book
Holdings
Withdrawn status Lost status Source of classification or shelving scheme Damaged status Not for loan Collection code Home library Current library Date acquired Source of acquisition Cost, normal purchase price Total Checkouts Full call number Barcode Date last seen Date last checked out Cost, replacement price Price effective from Koha item type
    Dewey Decimal Classification     Psychology St Aloysius Library St Aloysius Library 11/21/2024 amazon.in 218.00 2 658.409 HANT 077419 04/01/2025 04/01/2025 295.00 11/26/2024 Book